Napoli All-Time Starting XI - Statistics

General Stats
  • This quiz has been taken 154 times
  • The average score is 7 of 13
Answer Stats
Position Player % Correct
MF (1984-91) Diego Maradona
95%
FW (2020- ) Victor Osimhen
81%
MF (2007-19) Marek Hamšík
80%
DF (2014-22) Kalidou Koulibaly
77%
12th player (2010-22) Lorenzo Insigne
70%
Coach (2021-23) Luciano Spalletti
65%
FW (1987-93) Careca
50%
DF (1984-94) Ciro Ferrara
43%
GK (1967-72) Dino Zoff
37%
DF (1972-88) Giuseppe Bruscolotti
25%
DF (1980-84) Ruud Krol
19%
MF (1962–78) Antonio Juliano
12%
FW (1926-37) Attila Sallustro
12%
No matching quizzes found
Score Distribution
Percent of People with Each Score
Percentile by Number Answered
Your Score History
You have not taken this quiz